Causalidad e imputación (Record no. 133798)

MARC details
000 -LEADER
fixed length control field 00769cam a2200193 4500
005 - DATE AND TIME OF LATEST TRANSACTION
control field 20250708102944.0
008 - FIXED-LENGTH DATA ELEMENTS--GENERAL INFORMATION
fixed length control field 030917s2002 Ag 000 0 spa u
020 ## - INTERNATIONAL STANDARD BOOK NUMBER
International Standard Book Number 9505085788
050 04 - LIBRARY OF CONGRESS CALL NUMBER
Classification number KHA5437
Item number F54 2002
100 1# - MAIN ENTRY--PERSONAL NAME
Personal name Fierro, Guillermo Julio
245 10 - TITLE STATEMENT
Title Causalidad e imputación
Remainder of title : Caso fortuito, Imputación objetiva, Tentativa, Delitos de omisión, culposos y preterintencionales, Causalidad científica, Delito imposible
Statement of responsibility, etc / Guillermo Julio Fierro.
250 ## - EDITION STATEMENT
Edition statement 1a ed.
260 ## - PUBLICATION, DISTRIBUTION, ETC. (IMPRINT)
Place of publication, distribution, etc Buenos Aires :
Name of publisher, distributor, etc Astrea de Alfredo y Ricardo Depalma,
Date of publication, distribution, etc 2002
300 ## - PHYSICAL DESCRIPTION
Extent xxiv, 511 p. ;
Dimensions 23 cm.
504 ## - BIBLIOGRAPHY, ETC. NOTE
Bibliography, etc Bibliografía : p. 473-485 e índice
650 #7 - SUBJECT ADDED ENTRY--TOPICAL TERM
Topical term or geographic name as entry element Derecho penal
Geographic subdivision Argentina
650 #7 - SUBJECT ADDED ENTRY--TOPICAL TERM
Topical term or geographic name as entry element Derecho penal
General subdivision Causalidad
Geographic subdivision Argentina
942 ## - ADDED ENTRY ELEMENTS (KOHA)
Source of classification or shelving scheme Biblioteca del Cogreso de los Estados Unidos
Koha item type Libro
Holdings
Estado de pérdida Fuente de clasificación Estado del daño No para préstamo Ubicación permanente Ubicación actual Apartado o colección Fecha de adquisición Edición Área del conocimiento Clasificación Código de Barras Date last seen Número de copia Costo por reposición Tipo de recurso Nota pública
  Biblioteca del Cogreso de los Estados Unidos     Biblioteca de la Facultad de Derecho y Ciencias Sociales "Felipe J. Tena" Biblioteca de la Facultad de Derecho y Ciencias Sociales "Felipe J. Tena" General 21/01/2020 1a ed. Ciencias Sociales y Administrativas KHA5437 F54 2002 BFD000011960 21/01/2020 1 1.00 Libro recursos propios DGB